000 00292nam a2200121Ia 4500
008 150201s2007 xx 000 0 und d
082 _a615
_bQ07W
100 _aWHO
245 _aQUALITY ASSURANCE OF PHARMACEUTICS-II
260 _bAITBS
_aDELHI
_c2007
650 _aPHARMACOLOGY
942 _2ddc
_cBK
999 _c839
_d839